Διαχείριση γενικευμένων και καταστροφικών κινδύνων : πτυχιακή εργασία
Στην πτυχιακή εργασία γίνεται αναφορά στους γενικευμένους και καταστροφικούς κινδύνους και στον τρόπο μέτρησης και διαχείρισης τους. Επιπλέον δίνονται παραδείγματα από φυσικές καταστροφές και τις ασφαλιστικές απώλειες που προέκυψαν από αυτές. Πιο συγκεκριμένα γίνονται αναφορές για τον τυφώνα Katrina...
Αποθηκεύτηκε σε:
| Κύριος συγγραφέας: | |
|---|---|
| Συγγραφή απο Οργανισμό/Αρχή: | |
| Άλλοι συγγραφείς: | |
| Μορφή: | Thesis Βιβλίο |
| Γλώσσα: | Greek |
| Δημοσίευση: |
2008.
|
| Θέματα: | |
| Διαθέσιμο Online: | http://hdl.handle.net/11610/8071 |
| Ετικέτες: |
Προσθήκη ετικέτας
Δεν υπάρχουν, Καταχωρήστε ετικέτα πρώτοι!
|
MARC
| LEADER | 00000cam a2200000 i 4500 | ||
|---|---|---|---|
| 001 | 1/93011 | ||
| 008 | 080902s2008 -gn| ||| |||| ||gre|| | ||
| 035 | |l 10099836 | ||
| 040 | |a GR-MyUA |b gre |e AACR2 | ||
| 041 | 0 | |a gre | |
| 082 | 0 | |a 368 |2 (22) | |
| 100 | 1 | |a Φώσκολος, Ματθαίος. | |
| 245 | 1 | 0 | |a Διαχείριση γενικευμένων και καταστροφικών κινδύνων : |b πτυχιακή εργασία / |c Αικατερίνη Σκλαπάνη, Ματθαίος Φώσκολος ; επιβλέπων καθηγητής Απόστολος Ανδριτσάκης. |
| 260 | |c 2008. | ||
| 300 | |a 124 σ. : |b πιν. ; |c 30 εκ. | ||
| 502 | |a Πτυχιακή εργασία – Πανεπιστήμιο Αιγαίου, Σάμος, 2008. | ||
| 504 | |a Βιβλιογραφία: σ. 123-124. | ||
| 506 | 0 | |a Διάθεση πλήρους κειμένου - Ελεύθερη πρόσβαση. | |
| 520 | |a Στην πτυχιακή εργασία γίνεται αναφορά στους γενικευμένους και καταστροφικούς κινδύνους και στον τρόπο μέτρησης και διαχείρισης τους. Επιπλέον δίνονται παραδείγματα από φυσικές καταστροφές και τις ασφαλιστικές απώλειες που προέκυψαν από αυτές. Πιο συγκεκριμένα γίνονται αναφορές για τον τυφώνα Katrina, την γρίπη των πτηνών, τις τρομοκρατικές επιθέσεις στα μέσα μαζικής μεταφοράς του Λονδίνου, της Μαδρίτης και την πτώση των δίδυμων πύργων στις ΗΠΑ. | ||
| 610 | 2 | 0 | |a University of the Aegean |x Dissertations. |
| 650 | 0 | 0 | |a Risk management. |
| 650 | 0 | 0 | |a Insurance. |
| 650 | 0 | 0 | |a Dissertations, Academic |z Greece. |
| 700 | 1 | |a Σκλαπάνη, Αικατερίνη. | |
| 700 | 1 | |a Ανδριτσάκης, Απόστολος, |e dgs | |
| 710 | 2 | |a Πανεπιστήμιο Αιγαίου. |b Σχολή Θετικών Επιστημών. |b Τμήμα Στατιστικής και Αναλογιστικών-Χρηματοοικονομικών Μαθηματικών. | |
| 852 | |a INST |b SAMOS |c DIATR |e 20080902 |h 368 ΦΩΣ |p 005300030035 |q 005300030035 |t DIE |y 23 | ||
| 852 | |a INST |b SAMOS |c DIATR |e 20080902 |h 368 ΦΩΣ |p 005300030036 |q 005300030036 |t DIE |y 23 | ||
| 856 | |u http://hdl.handle.net/11610/8071 | ||
| 901 | |a BIBL3-2008-3 | ||
| 909 | |a Σ |b 134739 | ||
| 909 | |a Σ |b 134740 | ||
| 924 | |a ΦΩΣΚΟΛΟΣ |b ΜΑΤΘΑΙΟΣ |y Σάμος |z 2008-09 | ||
| 970 | |a ΣΙΤΖΙΜΗ |b ΓΙΑΣΕΜΗ |z 2008/09/02 | ||